[Event "BCF-chT3N 1920 (4NCL)"]
[Site "England"]
[Date "2019.11.09"]
[Round "1.75"]
[White "Floresc, Petru"]
[Black "Adam, David W"]
[Result "1-0"]
[WhiteElo "1870"]
[BlackElo "1812"]
[PlyCount "83"]
[EventDate "2019.11.09"]
[EventType "team-swiss"]
[EventRounds "11"]
[EventCountry "ENG"]
[SourceTitle "EXT 2022"]
[Source "ChessBase"]
[SourceDate "2021.10.06"]
[SourceVersion "1"]
[SourceVersionDate "2021.10.06"]
[SourceQuality "1"]
[WhiteTeam "J'Adoube"]
[BlackTeam "Bradford DCA Knights II"]
[WhiteTeamCountry "ENG"]
[BlackTeamCountry "ENG"]

1. c4 Nf6 2. Nc3 c5 3. g3 g6 4. Bg2 Bg7 5. e3 Nc6 6. d4 d6 7. d5 Ne5 8. f4 Ned7 9. Nge2 0-0 10. 0-0 a6 11. e4 Rb8 12. a4 b6 13. h3 Bb7 14. g4 Qc7 15. Ng3 Rbd8 16. g5 Ne8 17. h4 Bd4+ 18. Kh1 e6 19. dxe6 fxe6 20. Qg4 Ng7 21. h5 gxh5 22. Nxh5 Rde8 23. Ra3 Rf7 24. Ne2 Nxh5 25. Qxh5 Nf8 26. Rh3 Ng6 27. Ng3 Ref8 28. f5 exf5 29. exf5 Bxg2+ 30. Kxg2 Qb7+ 31. Kh2 Be5 32. f6 Re8 33. Qg4 b5 34. cxb5 axb5 35. a5 b4 36. Be3 Qb5 37. Kg1 Bxg3 38. Qxg3 Ne5 39. Bf4 Qxa5 40. Bxe5 Rxe5 41. g6 c4 42. gxh7+ 1-0

[Event "BCF-chT3N 1819 (4NCL)"]
[Site "England"]
[Date "2019.05.05"]
[Round "10.35"]
[White "Floresc, Petru"]
[Black "Lyth, John D"]
[Result "0-1"]
[WhiteElo "1967"]
[BlackElo "2042"]
[PlyCount "42"]
[EventDate "2018.11.10"]
[EventType "team-swiss"]
[EventRounds "11"]
[EventCountry "ENG"]
[SourceTitle "EXT 2021"]
[Source "ChessBase"]
[SourceDate "2020.10.23"]
[SourceVersion "1"]
[SourceVersionDate "2020.10.23"]
[SourceQuality "1"]
[WhiteTeam "Cheddleton II"]
[BlackTeam "Manchester Manticores II"]
[WhiteTeamCountry "ENG"]
[BlackTeamCountry "ENG"]

1. e4 e5 2. Nf3 Nc6 3. c3 Nf6 4. Qc2 Be7 5. b4 a6 6. Bc4 0-0 7. a4 d5 8. exd5 Nxd5 9. 0-0 Bg4 10. Qe4 Nf6 11. Qe3 e4 12. Ne1 Ne5 13. Bb3 Bd6 14. d4 exd3 15. Nxd3 Nxd3 16. Bc2 Nxc1 17. Rxc1 Re8 18. Qg5 Re5 19. Qd2 Qe7 20. f3 Re2 21. Qd3 Bf5 0-1

[Event "BCF-chT3N 1718 (4NCL)"]
[Site "England"]
[Date "2018.05.06"]
[Round "10.25"]
[White "Floresc, Petru"]
[Black "Higgie, Charles L"]
[Result "0-1"]
[WhiteElo "1852"]
[BlackElo "1941"]
[PlyCount "160"]
[EventDate "2017.11.11"]
[EventType "team-swiss"]
[EventRounds "11"]
[EventCountry "ENG"]
[SourceTitle "EXT 2020"]
[Source "ChessBase"]
[SourceDate "2019.10.17"]
[SourceVersion "1"]
[SourceVersionDate "2019.10.17"]
[SourceQuality "1"]
[WhiteTeam "Cheddleton II"]
[BlackTeam "Shropshire"]
[WhiteTeamCountry "ENG"]
[BlackTeamCountry "ENG"]

1. e4 c5 2. Nf3 Nc6 3. Be2 Nf6 4. Nc3 d5 5. exd5 Nxd5 6. 0-0 g6 7. d4 cxd4 8. Nxd4 Nxc3 9. bxc3 Bg7 10. Be3 0-0 11. Nxc6 bxc6 12. Bd4 Bf5 13. Bf3 Qc7 14. Bxg7 Kxg7 15. Qd4+ e5 16. Qc4 Rfd8 17. Rac1 Rab8 18. a4 Rb2 19. Rfd1 Rxc2 20. Rxc2 Bxc2 21. Rc1 Rd2 22. Qxc6 Qa5 23. Qc4 Qb6 24. Be2 Bd3 25. Qxd3 Rxd3 26. Bxd3 Qb2 27. Rf1 Qxc3 28. Bb5 e4 29. g3 Qd2 30. Rb1 Kf6 31. Kf1 e3 32. fxe3 Qxe3 33. Re1 Qf3+ 34. Kg1 Kg5 35. Rf1 Qe3+ 36. Kg2 f5 37. h4+ Kf6 38. Rf3 Qe4 39. Kf2 Qc2+ 40. Kg1 Qc5+ 41. Kg2 Qd5 42. Kf2 Qd2+ 43. Kg1 Ke5 44. Rf2 Qe1+ 45. Kg2 Qe4+ 46. Kh2 Kf6 47. Re2 Qd4 48. Kg2 h6 49. Rf2 Qe4+ 50. Rf3 Ke5 51. Kf2 Qc2+ 52. Kg1 Ke4 53. Rf2 Qd1+ 54. Rf1 Qd4+ 55. Kg2 g5 56. hxg5 hxg5 57. Re1+ Kd5 58. Rf1 Ke5 59. Re1+ Kf6 60. Re2 Qd5+ 61. Kf2 Qh1 62. Re3 Qh2+ 63. Ke1 Qg1+ 64. Ke2 Qg2+ 65. Ke1 f4 66. gxf4 gxf4 67. Bf1 Qc6 68. Rd3 Qxa4 69. Kf2 Ke5 70. Be2 a5 71. Bd1 Qa2+ 72. Ke1 a4 73. Rd2 Qa1 74. Ke2 a3 75. Bb3 Qc3 76. Ba2 Qe3+ 77. Kd1 f3 78. Bc4 f2 79. Kc2 Qxd2+ 80. Kxd2 Kd4 0-1

[Event "BCF-chT3N 1718 (4NCL)"]
[Site "England"]
[Date "2018.03.17"]
[Round "7.46"]
[White "Floresc, Petru"]
[Black "Andrews, Norman G"]
[Result "1-0"]
[WhiteElo "1852"]
[BlackElo "1607"]
[PlyCount "69"]
[EventDate "2017.11.11"]
[EventType "team-swiss"]
[EventRounds "11"]
[EventCountry "ENG"]
[SourceTitle "EXT 2020"]
[Source "ChessBase"]
[SourceDate "2019.10.17"]
[SourceVersion "1"]
[SourceVersionDate "2019.10.17"]
[SourceQuality "1"]
[WhiteTeam "Cheddleton II"]
[BlackTeam "Jorvik"]
[WhiteTeamCountry "ENG"]
[BlackTeamCountry "ENG"]

1. e4 c5 2. Nf3 g6 3. c3 Nc6 4. d4 cxd4 5. cxd4 Nf6 6. Nc3 d6 7. Bf4 Bg4 8. Bb5 a6 9. Bxc6+ bxc6 10. Qd3 Bd7 11. Qc4 Bg7 12. 0-0 0-0 13. Rfe1 Qb6 14. Rab1 Rac8 15. h3 Nxe4 16. Nxe4 d5 17. Qc5 Qd8 18. Nc3 Bf5 19. Rbc1 e6 20. g4 Bd3 21. Re3 Be4 22. Nxe4 dxe4 23. Rxe4 h6 24. Ne5 g5 25. Bg3 f5 26. Ree1 f4 27. Bh2 Qe8 28. f3 h5 29. Kg2 Rf6 30. Bg1 Rh6 31. Nxc6 Kh7 32. Qc2+ Kh8 33. Qe4 e5 34. Nxe5 hxg4 35. Nf7+ 1-0

[Event "BCF-chT3N 1718 (4NCL)"]
[Site "England"]
[Date "2017.11.12"]
[Round "2.54"]
[White "Floresc, Petru"]
[Black "Mulleady, Peter J"]
[Result "1-0"]
[WhiteElo "1852"]
[BlackElo "1911"]
[PlyCount "123"]
[EventDate "2017.11.11"]
[EventType "team-swiss"]
[EventRounds "11"]
[EventCountry "ENG"]
[SourceTitle "EXT 2020"]
[Source "ChessBase"]
[SourceDate "2019.10.17"]
[SourceVersion "1"]
[SourceVersionDate "2019.10.17"]
[SourceQuality "1"]
[WhiteTeam "Cheddleton II"]
[BlackTeam "Manchester Manticores II"]
[WhiteTeamCountry "ENG"]
[BlackTeamCountry "ENG"]

1. e4 Nf6 2. Nc3 e5 3. Nf3 Nc6 4. Bc4 Bb4 5. Qe2 d6 6. Nd5 Nxd5 7. Bxd5 0-0 8. c3 Bc5 9. b4 Bb6 10. h3 Ne7 11. Bb3 Ng6 12. d4 a5 13. b5 a4 14. Bd5 Ba5 15. Qc4 exd4 16. Qxd4 Ne5 17. Nxe5 dxe5 18. Qc4 c6 19. bxc6 bxc6 20. Qxc6 Rb8 21. 0-0 Bd7 22. Qc5 Rc8 23. Qa7 Bxc3 24. Ba3 Bxa1 25. Rxa1 Re8 26. Rd1 Qc7 27. Bxf7+ Kh8 28. Rxd7 Qxa7 29. Rxa7 Ra8 30. Rxa8 Rxa8 31. Bd6 Rc8 32. Bxe5 Rc1+ 33. Kh2 Rc2 34. Kg3 h6 35. h4 Kh7 36. h5 Rc5 37. Bd4 Rc7 38. Bd5 g6 39. hxg6+ Kxg6 40. Kh4 Rc2 41. g4 a3 42. Kg3 Rd2 43. Bc5 Rd3+ 44. Kf4 h5 45. gxh5+ Kxh5 46. Bb3 Kg6 47. Bxa3 Rd2 48. Ke3 Rd8 49. f4 Rh8 50. Bb2 Rh3+ 51. Kd4 Rh4 52. f5+ Kf6 53. Kd5+ Ke7 54. Ke5 Rh2 55. Ba3+ Ke8 56. Ke6 Rh7 57. e5 Ra7 58. Bd6 Rh7 59. Kf6 Ra7 60. Kg6 Ra6 61. f6 Kd7 62. f7 1-0

[Event "BCF-chT3Na 1516 (4NCL)"]
[Site "England"]
[Date "2016.02.13"]
[Round "5.58"]
[White "Potter, Steven"]
[Black "Floresc, Petru"]
[Result "1-0"]
[WhiteElo "1915"]
[BlackElo "1973"]
[PlyCount "101"]
[EventDate "2015.11.14"]
[EventType "team-swiss"]
[EventRounds "7"]
[EventCountry "ENG"]
[SourceTitle "EXT 2017"]
[Source "ChessBase"]
[SourceDate "2016.10.25"]
[SourceVersion "1"]
[SourceVersionDate "2016.10.25"]
[SourceQuality "1"]
[WhiteTeam "Manchester Manticores III"]
[BlackTeam "Cheddleton II"]
[WhiteTeamCountry "ENG"]
[BlackTeamCountry "ENG"]

1. d4 Nf6 2. Bg5 Ne4 3. Bh4 d5 4. Nd2 g6 5. e3 Bg7 6. Bd3 f5 7. Ngf3 c5 8. c3 Nc6 9. 0-0 0-0 10. dxc5 Nxc5 11. Bc2 Qc7 12. Nb3 Qd6 13. Nbd4 a6 14. Rb1 e5 15. Nxc6 bxc6 16. b4 Ne4 17. Bxe4 fxe4 18. Ng5 Qf6 19. Nf3 Qf5 20. Nd2 g5 21. Bg3 Qg6 22. a4 h5 23. f3 h4 24. Be1 exf3 25. Rxf3 Bf5 26. e4 dxe4 27. Re3 Rad8 28. Qb3+ Kh7 29. Qc4 Rd3 30. Re2 e3 31. Nf3 Be4 32. Nxg5+ Qxg5 33. Qxe4+ Qf5 34. Qxf5+ Rxf5 35. c4 Rf4 36. b5 Rxc4 37. b6 Rd8 38. b7 Rb8 39. Rxe3 e4 40. Rh3 Bd4+ 41. Bf2 Bxf2+ 42. Kxf2 Kg6 43. a5 Kg5 44. Rhb3 Ra4 45. Rb6 Ra2+ 46. Ke3 Kf5 47. Rxa6 Rd8 48. Rb3 Rdd2 49. b8Q Re2+ 50. Kd4 Red2+ 51. Kc5 1-0